[Event "119th NZL-ch op"]
[Site "Queenstown NZL"]
[Date "2012.01.20"]
[Round "6"]
[White "Brockman, Roland"]
[Black "Lovejoy, David"]
[Result "0-1"]
[WhiteElo "1703"]
[BlackElo "1939"]
[EventDate "2012.01.15"]
[PlyCount "60"]

1.d4 Nf6 2.Nf3 d6 3.g3 Nbd7 4.Bg2 c5 5.c3 g6 6.O-O Bg7 7.Nbd2 O-O 8.Re1 d5
9.b4 cxd4 10.cxd4 Nb6 11.Ne5 Bf5 12.Bb2 Rc8 13.Rc1 Rxc1 14.Qxc1 Qd6 15.a3 
Rc8 16.Qa1 Rc2 17.Nb3 Na4 18.Bc1 Nc3 19.Bd2 Nfe4 20.Bxc3 Nxc3 21.e3 b6 22.
Bf1 f6 23.Bd3 Bxd3 24.Nxd3 Qd7 25.Rc1 Ne2+ 26.Kf1 Nxc1 27.Nbxc1 Qg4 28.Kg2
Qd1 29.h4 Bh6 30.Kh2 Bxe3 0-1

[Event "119th NZL-ch op"]
[Site "Queenstown NZL"]
[Date "2012.01.20"]
[Round "6"]
[White "Brown, Kevin"]
[Black "Davies, Geoff"]
[Result "0-1"]
[WhiteElo "1728"]
[BlackElo "1943"]
[EventDate "2012.01.15"]
[PlyCount "56"]

1.b3 Nf6 2.Bb2 d5 3.e3 c5 4.Nf3 Nc6 5.Bb5 Bf5 6.Ne5 Qc8 7.O-O e6 8.d3 h5 
9.Nd2 a6 10.Bxc6+ bxc6 11.Ndf3 Bd6 12.Nh4 Qc7 13.Nhf3 Bg4 14.h3 Nd7 15.
Nxg4 hxg4 16.Ng5 gxh3 17.Nxh3 O-O-O 18.Qg4 Ne5 19.Bxe5 Bxe5 20.Rad1 f5 21.
Qa4 g5 22.f4 gxf4 23.Nxf4 d4 24.Qc4 dxe3 25.Qxe6+ Kb7 26.Qxf5 Rdf8 27.Ne6 
Bh2+ 28.Kh1 Bg1+ 0-1

[Event "119th NZL-ch op"]
[Site "Queenstown NZL"]
[Date "2012.01.20"]
[Round "6"]
[White "Burns, Christopher John"]
[Black "Fairley, Natasha"]
[Result "1/2-1/2"]
[WhiteElo "2022"]
[BlackElo "1798"]
[EventDate "2012.01.15"]
[PlyCount "137"]

1.e4 e5 2.Nf3 Nc6 3.d4 exd4 4.Nxd4 Nxd4 5.Qxd4 Ne7 6.Nc3 Nc6 7.Qe3 Bb4 8.
Bc4 O-O 9.O-O Ne5 10.Bb3 d6 11.Nd5 Bc5 12.Qg3 Kh8 13.Bg5 f6 14.Be3 Bxe3 
15.Nxe3 Nc6 16.c3 Re8 17.f3 Be6 18.Nd5 Na5 19.Bc2 Nc4 20.Nf4 Ne3 21.Nxe6 
Rxe6 22.Qh3 Nxc2 23.Qxe6 Nxa1 24.Rxa1 Qe8 25.Qd5 Rb8 26.f4 b6 27.Rd1 h6 
28.c4 a5 29.Rd3 Qa4 30.a3 Qc2 31.Rd2 Qb1+ 32.Kf2 Re8 33.Re2 Qc1 34.Kf3 
Qf1+ 35.Rf2 Qb1 36.h3 Qe1 37.Qd3 Re7 38.Qd5 Re8 39.Qd3 Re7 40.Re2 Qf1+ 41.
Kg3 Re8 42.h4 g5 43.hxg5 hxg5 44.Qf3 gxf4+ 45.Kxf4 Qxf3+ 46.gxf3 Kg7 47.
Rd2 Re5 48.Rd5 Kf7 49.Ke3 Rg5 50.Rxg5 fxg5 51.b4 axb4 52.axb4 c6 53.Kd4 
Ke6 54.Kd3 Kf6 55.Kd4 Ke6 56.b5 c5+ 57.Kd3 Kf6 58.Ke2 Ke6 59.Kf2 Kf6 60.
Kg3 Ke5 61.Kg4 Kd4 62.Kxg5 Kxc4 63.f4 Kd4 64.Kf5 c4 65.e5 dxe5 66.fxe5 c3 
67.e6 c2 68.e7 c1=Q 69.e8=Q 1/2-1/2

[Event "119th NZL-ch op"]
[Site "Queenstown NZL"]
[Date "2012.01.20"]
[Round "6"]
[White "Cheng, Bobby"]
[Black "Dragicevic, Domagoj"]
[Result "0-1"]
[WhiteElo "2375"]
[BlackElo "2277"]
[EventDate "2012.01.15"]
[PlyCount "74"]

1.d4 Nf6 2.c4 g6 3.Nc3 d5 4.Nf3 Bg7 5.Bg5 Ne4 6.cxd5 Nxg5 7.Nxg5 e6 8.Nf3 
exd5 9.e3 O-O 10.b4 Qd6 11.Rb1 Be6 12.Be2 Nd7 13.O-O c6 14.Ne1 b6 15.Qd2 
a5 16.b5 c5 17.Nf3 Rac8 18.Rfd1 Rfd8 19.Rbc1 cxd4 20.Nxd4 Ne5 21.Na4 Nc4 
22.Bxc4 Rxc4 23.Nb2 Rxc1 24.Rxc1 Rc8 25.Nc6 Qa3 26.Nd3 Re8 27.Nf4 d4 28.
exd4 Qxa2 29.Qe3 Bh6 30.Ne5 Qb2 31.Ng4 Bg7 32.h3 Bxd4 33.Qe1 Bd7 34.Qf1 
Bxg4 35.hxg4 Bxf2+ 36.Kh2 Qd2 37.Nd3 Qh6# 0-1

[Event "119th NZL-ch op"]
[Site "Queenstown NZL"]
[Date "2012.01.20"]
[Round "6"]
[White "Dordevic, Ivan"]
[Black "Drummond, Matthew"]
[Result "0-1"]
[WhiteElo "2060"]
[BlackElo "2227"]
[EventDate "2012.01.15"]
[PlyCount "56"]

1.e4 e6 2.d4 d5 3.Nc3 Bb4 4.e5 b6 5.a3 Bxc3+ 6.bxc3 Ba6 7.Bxa6 Nxa6 8.Qg4 
g6 9.h4 h5 10.Qg3 Nb8 11.Ne2 Nc6 12.Bg5 Qd7 13.O-O Na5 14.a4 Qc6 15.Qf4 
Qc4 16.Rfe1 Rc8 17.Bf6 Nxf6 18.Qxf6 Rf8 19.Nf4 Qc6 20.g4 hxg4 21.h5 gxh5 
22.Nxh5 Qxc3 23.Rad1 Kd7 24.Re3 Qxc2 25.Rdd3 Nc4 26.Rg3 Kc6 27.Nf4 Kb7 28.
Rxg4 Rg8 0-1

[Event "119th NZL-ch op"]
[Site "Queenstown NZL"]
[Date "2012.01.20"]
[Round "6"]
[White "Flitney, Adrian"]
[Black "Gold, Hamish"]
[Result "1-0"]
[WhiteElo "1959"]
[BlackElo "1830"]
[EventDate "2012.01.15"]
[PlyCount "55"]

1.e4 e5 2.f4 exf4 3.Nf3 d6 4.Bc4 Be6 5.Bxe6 fxe6 6.d4 Nf6 7.Qe2 Be7 8.Bxf4
O-O 9.Nc3 Nh5 10.Bg3 Nf4 11.Bxf4 Rxf4 12.O-O-O Nd7 13.Qc4 Rf6 14.e5 Nb6 
15.Qe2 Rg6 16.h4 d5 17.Qf2 Rc8 18.Ne2 c5 19.Nf4 Rg4 20.Nxe6 Qd7 21.Nxc5 
Bxc5 22.dxc5 Na4 23.Ng5 Nxc5 24.e6 Nxe6 25.Qf5 Rxg2 26.Qxh7+ Kf8 27.Rhf1+ 
Ke8 28.Qg8+ 1-0

[Event "119th NZL-ch op"]
[Site "Queenstown NZL"]
[Date "2012.01.20"]
[Round "6"]
[White "Gao, Hans"]
[Black "Ansell, Alan"]
[Result "1/2-1/2"]
[WhiteElo "1924"]
[BlackElo "2079"]
[EventDate "2012.01.15"]
[PlyCount "70"]

1.e4 c6 2.Ne2 d5 3.e5 c5 4.d4 Nc6 5.c3 Bf5 6.dxc5 Nxe5 7.Nd4 Bd7 8.Qh5 Nc6
9.Qxd5 Nf6 10.Nxc6 Qc7 11.Qe5 Qxc6 12.b4 g6 13.Na3 Bg7 14.Nb5 O-O 15.Nd4 
Qc8 16.Be2 Ng4 17.Qg3 e5 18.Nb5 e4 19.Nd6 Qc6 20.O-O Nf6 21.Bd2 b6 22.cxb6
axb6 23.Bb5 Qd5 24.Bxd7 Nxd7 25.Rfd1 Be5 26.Bf4 Rxa2 27.Bxe5 Rxa1 28.Rxa1 
Nxe5 29.Nf5 Qe6 30.Nd4 Qd5 31.h3 Nc4 32.Ra7 Ra8 33.Qc7 Rxa7 34.Qxa7 Kg7 
35.Qe7 h6 1/2-1/2

[Event "119th NZL-ch op"]
[Site "Queenstown NZL"]
[Date "2012.01.20"]
[Round "6"]
[White "Garbett, Paul Anthony"]
[Black "Ganguly, Surya Shekhar"]
[Result "0-1"]
[WhiteElo "2290"]
[BlackElo "2639"]
[EventDate "2012.01.15"]
[PlyCount "124"]

1.e4 e6 2.d4 d5 3.Nd2 Nf6 4.e5 Nfd7 5.Bd3 c5 6.c3 Nc6 7.Ne2 cxd4 8.cxd4 f6
9.exf6 Nxf6 10.Nf3 Qc7 11.O-O Bd6 12.Bg5 O-O 13.Bh4 Nh5 14.Bg3 Nxg3 15.
hxg3 a6 16.Rc1 g6 17.Qd2 Qg7 18.Bb1 Bd7 19.Nc3 h6 20.Rfe1 Rf7 21.Rcd1 Raf8
22.Qe3 g5 23.Re2 Bb8 24.Bc2 b5 25.a3 Kh8 26.Qd3 Ba7 27.Re3 Nxd4 28.Nxd4 
Rxf2 29.Nce2 R2f7 30.Qg6 Re8 31.Kh2 e5 32.Rf3 Rxf3 33.Nxf3 e4 34.Qxg7+ 
Kxg7 35.Nfd4 Bg4 36.Re1 h5 37.Bb3 Bb8 38.Bxd5 h4 39.Kg1 hxg3 40.Nc6 Bc7 
41.Ned4 e3 42.Bf3 Bd7 43.Bh5 Rc8 44.Bf3 g4 45.Bd5 Bb6 46.Kf1 Bxc6 47.Nxc6 
Rf8+ 48.Ke2 Rf2+ 49.Kd3 Rd2+ 50.Ke4 e2 51.Ne5 Bf2 52.Nd3 Kf6 53.Bb7 a5 54.
Bd5 Bxe1 55.Ke3 a4 56.Be4 Rc2 57.Nxe1 Rxb2 58.Nd3 b4 59.axb4 a3 60.Bd5 a2 
61.Bxa2 Rxa2 62.b5 Ke7 0-1

[Event "119th NZL-ch op"]
[Site "Queenstown NZL"]
[Date "2012.01.20"]
[Round "6"]
[White "Gloistein, Bruce"]
[Black "Renzies, Elliott"]
[Result "1-0"]
[WhiteElo "1787"]
[BlackElo "1668"]
[EventDate "2012.01.15"]
[PlyCount "77"]

1.d4 Nf6 2.Nf3 d5 3.e3 e6 4.Bd3 c5 5.c3 Nc6 6.O-O Qc7 7.Nbd2 cxd4 8.exd4 
Bd6 9.h3 O-O 10.Re1 e5 11.dxe5 Nxe5 12.Nxe5 Bxe5 13.Nf3 Bd6 14.Be3 Bd7 15.
Bd4 Ne4 16.Bxe4 dxe4 17.Rxe4 Bf5 18.Re1 Rad8 19.Qb3 Qc8 20.Ne5 Be6 21.Qc2 
b6 22.Qe2 Rfe8 23.Qh5 Re7 24.Re3 Bf5 25.Rae1 Bxe5 26.Rxe5 Bg6 27.Qe2 Re6 
28.Rxe6 Qxe6 29.Qxe6 fxe6 30.Rxe6 Bf7 31.Re7 Re8 32.Rxa7 Re1+ 33.Kh2 Bd5 
34.Rxg7+ Kf8 35.Ra7 Re2 36.b3 b5 37.Kg3 Rd2 38.Rd7 Rd3+ 39.Kf4 1-0

[Event "119th NZL-ch op"]
[Site "Queenstown NZL"]
[Date "2012.01.20"]
[Round "6"]
[White "Guo, Emma"]
[Black "Machdoem, Andhika"]
[Result "1-0"]
[WhiteElo "2010"]
[BlackElo "2129"]
[EventDate "2012.01.15"]
[PlyCount "85"]

1.d4 d5 2.Nf3 Nf6 3.Bf4 e6 4.e3 Nbd7 5.Bd3 b6 6.Nbd2 Bb7 7.c3 Be7 8.O-O 
O-O 9.Ne5 c5 10.Nxd7 Qxd7 11.Nf3 Bd6 12.Ne5 Qc7 13.Qf3 Nd7 14.Qg3 f5 15.
Nxd7 Bxf4 16.exf4 Qxd7 17.Qe3 c4 18.Bc2 Rf6 19.Rae1 Bc6 20.Qd2 a5 21.Re5 
b5 22.Rfe1 Qd6 23.Qd1 Bd7 24.h3 Rb8 25.g3 Rff8 26.g4 g6 27.g5 Qc6 28.h4 b4
29.h5 bxc3 30.bxc3 Rb2 31.Kg2 Qd6 32.Rh1 Kg7 33.hxg6 hxg6 34.Rh6 Rbb8 35.
Ba4 Rh8 36.Bxd7 Qxd7 37.Qe1 Rxh6 38.Rxe6 Kf7 39.Rf6+ Kg7 40.Qe5 Rh2+ 41.
Kxh2 Rh8+ 42.Kg2 Kh7 43.Re6 1-0

[Event "119th NZL-ch op"]
[Site "Queenstown NZL"]
[Date "2012.01.20"]
[Round "6"]
[White "Hansen, Sune Berg"]
[Black "Wallis, Christopher"]
[Result "1-0"]
[WhiteElo "2572"]
[BlackElo "2259"]
[EventDate "2012.01.15"]
[PlyCount "147"]

1.e4 e5 2.Nf3 Nc6 3.Bb5 a6 4.Ba4 Nf6 5.O-O Be7 6.d3 b5 7.Bb3 d6 8.a4 Bb7 
9.Nc3 b4 10.Ne2 Na5 11.Ba2 b3 12.Bd2 bxa2 13.Bxa5 d5 14.exd5 Qxd5 15.Bd2 
O-O 16.Nc3 Qc6 17.Re1 Bc5 18.Rxa2 Rfe8 19.Ne4 Nxe4 20.dxe4 f5 21.Be3 fxe4 
22.Nd2 Rad8 23.Ra1 Bxe3 24.fxe3 Rd6 25.Qc1 Red8 26.Re2 a5 27.Rf2 Ba6 28.h3
h6 29.Kh2 Bb7 30.Nb3 Qb6 31.Qe1 Bd5 32.Nxa5 c5 33.Qc3 Kh7 34.b3 Be6 35.Nc4
Bxc4 36.Qxc4 Qb4 37.Rf5 Qxc4 38.bxc4 Rd2 39.Rxe5 Rxc2 40.Rxe4 Rdd2 41.Rg4 
h5 42.Rg3 Rxc4 43.a5 h4 44.Rg4 Rxg4 45.hxg4 c4 46.a6 Rd8 47.Kh3 c3 48.Kxh4
c2 49.Rc1 Ra8 50.Rxc2 Rxa6 51.Kg5 Ra5+ 52.Kf4 Kg6 53.Rc6+ Kf7 54.g5 Ra2 
55.g6+ Ke7 56.g4 Ra7 57.Rb6 Rc7 58.Ra6 Rb7 59.e4 Rc7 60.Kf5 Rb7 61.Ra8 
Rb5+ 62.e5 Rb1 63.Rg8 Rf1+ 64.Kg5 Re1 65.Rxg7+ Kf8 66.Rf7+ Kg8 67.Re7 Rh1 
68.Rf7 Re1 69.Kf6 Rf1+ 70.Ke7 Ra1 71.e6 Ra6 72.Kf6 Rb6 73.g7 Kh7 74.Rf8 
1-0

[Event "119th NZL-ch op"]
[Site "Queenstown NZL"]
[Date "2012.01.20"]
[Round "6"]
[White "Hartvig, Ove Weiss"]
[Black "Tionko, Efrain"]
[Result "1-0"]
[WhiteElo "2210"]
[BlackElo "1865"]
[EventDate "2012.01.15"]
[PlyCount "73"]

1.e4 c5 2.Nf3 a6 3.g3 Nc6 4.d4 cxd4 5.Nxd4 e5 6.Nf5 d5 7.Qxd5 Qxd5 8.exd5 
Bxf5 9.dxc6 bxc6 10.Bg2 Rc8 11.c4 Bd3 12.b3 Bb4+ 13.Bd2 Bxd2+ 14.Kxd2 Bxb1
15.Raxb1 f6 16.Kc3 Ne7 17.Rbd1 Rd8 18.Rxd8+ Kxd8 19.Rd1+ Kc7 20.Bh3 f5 21.
Re1 Kd6 22.c5+ Ke6 23.f4 Nd5+ 24.Kc4 g6 25.Rxe5+ Kf6 26.Bg2 Ne7 27.Re3 a5 
28.Rd3 Rb8 29.Rd6+ Kf7 30.Bxc6 Rb4+ 31.Kc3 Nxc6 32.Rxc6 h5 33.Rd6 h4 34.c6
hxg3 35.c7 g2 36.c8=Q Re4 37.Rd7+ 1-0

[Event "119th NZL-ch op"]
[Site "Queenstown NZL"]
[Date "2012.01.20"]
[Round "6"]
[White "Haznedaroglu, Kivanc"]
[Black "Schon, Eugene"]
[Result "1-0"]
[WhiteElo "2455"]
[BlackElo "2188"]
[EventDate "2012.01.15"]
[PlyCount "65"]

1.d4 d5 2.c4 c6 3.Nf3 Nf6 4.Nbd2 Bf5 5.Nh4 Be6 6.e3 g6 7.Bd3 Bg7 8.O-O O-O
9.Rb1 Ne4 10.c5 b6 11.Nxe4 dxe4 12.Bxe4 bxc5 13.dxc5 Bxa2 14.Ra1 Bd5 15.
Qc2 Bxe4 16.Qxe4 e6 17.Nf3 Qd5 18.Qc2 Rd8 19.Bd2 Nd7 20.Bb4 Ne5 21.Nd4 
Rdb8 22.Ra4 Qd7 23.Rd1 Qb7 24.Qe4 a5 25.Bc3 Ra6 26.Nxe6 Qb3 27.Rad4 f5 28.
Rd8+ Rxd8 29.Rxd8+ Kf7 30.Qh4 Qxe6 31.Qxh7 Ra7 32.Qg8+ Kf6 33.Rd6 1-0

[Event "119th NZL-ch op"]
[Site "Queenstown NZL"]
[Date "2012.01.20"]
[Round "6"]
[White "Ilic, Ilija"]
[Black "Brown, Andrew"]
[Result "0-1"]
[WhiteElo "2010"]
[BlackElo "2215"]
[EventDate "2012.01.15"]
[PlyCount "110"]

1.d4 Nf6 2.Nc3 d5 3.Bf4 Bf5 4.f3 e6 5.g4 Bg6 6.h4 h6 7.e3 a6 8.Bd3 Bxd3 9.
Qxd3 c5 10.Nge2 c4 11.Qd2 Bb4 12.a3 Ba5 13.b4 cxb3 14.cxb3 Nc6 15.b4 Bc7 
16.Na4 e5 17.dxe5 Bxe5 18.Rd1 Qc7 19.Nc5 Bxf4 20.exf4 O-O-O 21.Nd4 Rhe8+ 
22.Kf1 Nxd4 23.Qxd4 Rd6 24.Rh2 Rc6 25.Re2 Rxe2 26.Kxe2 b6 27.Nd3 Rc4 28.
Qe5 Qd7 29.Qf5 Qxf5 30.gxf5 Rc2+ 31.Ke3 Ra2 32.Rg1 Ne8 33.Rc1+ Kb7 34.Kd4 
Rxa3 35.Re1 Nd6 36.Re7+ Kc8 37.Re5 Nb5+ 38.Ke3 d4+ 39.Ke4 Kd7 40.Rd5+ Ke7 
41.Re5+ Kd7 42.Rd5+ Kc7 43.Re5 Kc6 44.f6 gxf6 45.Rh5 f5+ 46.Kxf5 Rxd3 47.
Rxh6+ Kc7 48.Rf6 Rxf3 49.Rxf7+ Kd8 50.Kg4 Re3 51.Rf5 d3 52.Rd5+ Ke7 53.h5 
Ke6 54.Rd8 Nd6 55.f5+ Ke7 0-1

[Event "119th NZL-ch op"]
[Site "Queenstown NZL"]
[Date "2012.01.20"]
[Round "6"]
[White "Jackson, L. Ross"]
[Black "Simmonds, Leteisha"]
[Result "1/2-1/2"]
[WhiteElo "1947"]
[BlackElo "1643"]
[EventDate "2012.01.15"]
[PlyCount "83"]

1.d4 d5 2.c4 c6 3.Nf3 Nf6 4.e3 Bg4 5.Nbd2 Nbd7 6.Qb3 Qb6 7.h3 Bh5 8.Qxb6 
Nxb6 9.g4 Bg6 10.Ne5 Nfd7 11.c5 Nxe5 12.cxb6 Nd7 13.bxa7 Rxa7 14.h4 h6 15.
Be2 e6 16.Nf1 Nf6 17.f3 Bd6 18.Kf2 Kd7 19.Bd2 Rha8 20.a3 b5 21.Rc1 Ne8 22.
Bc3 Be7 23.Nd2 Nd6 24.Bd1 Nc4 25.Nxc4 bxc4 26.Bc2 Bxc2 27.Rxc2 Rb7 28.Kg3 
Bf6 29.f4 c5 30.g5 hxg5 31.hxg5 cxd4 32.exd4 Be7 33.Rh7 Rg8 34.Kg4 Rbb8 
35.Rch2 Bd6 36.R2h3 Ke7 37.f5 Rbf8 38.Re3 Kd7 39.Rf3 Ke7 40.Re3 Kd7 41.Rf3
Ke7 42.Re3 1/2-1/2

[Event "119th NZL-ch op"]
[Site "Queenstown NZL"]
[Date "2012.01.20"]
[Round "6"]
[White "Johansen, Darryl"]
[Black "Zhao Jun"]
[Result "0-1"]
[WhiteElo "2403"]
[BlackElo "2569"]
[EventDate "2012.01.15"]
[PlyCount "162"]

1.Nf3 Nf6 2.c4 g6 3.Nc3 Bg7 4.e4 d6 5.d4 O-O 6.Be2 Na6 7.O-O e5 8.Re1 c6 
9.Bf1 Bg4 10.d5 c5 11.a3 Ne8 12.Be2 Bd7 13.Rf1 f5 14.Ne1 Nf6 15.exf5 gxf5 
16.f4 e4 17.Nc2 Qe8 18.Rb1 Nc7 19.b4 b6 20.Ne3 h5 21.Bb2 Qg6 22.Qd2 Rf7 
23.Ncd1 Bh6 24.bxc5 bxc5 25.Bc3 Nce8 26.Kh1 Rh7 27.Qe1 Ng4 28.h4 Bf8 29.g3
Ba4 30.Bxg4 hxg4 31.Rf2 Nf6 32.Rfb2 Nh5 33.Ng2 Bxd1 34.Rxd1 Qe8 35.Ne3 Qc8
36.Rdb1 Rf7 37.Kg2 Bh6 38.Qf1 Kh7 39.Kh2 Qa6 40.Rb3 Kg6 41.R1b2 Rg8 42.Rb1
Re8 43.R1b2 Rg8 44.Rb1 Rgf8 45.R1b2 Ra8 46.Rb1 Re8 47.R1b2 Ree7 48.Kg2 Re8
49.Qf2 Qc8 50.Kf1 Qd8 51.Qh2 Qd7 52.Ke1 Qa4 53.Qf2 Qa6 54.Kd1 Ree7 55.Kc2 
Rb7 56.Rxb7 Rxb7 57.Rxb7 Qxb7 58.Qe1 Bg7 59.Bxg7 Qxg7 60.Qa5 Nxg3 61.Qd8 
Qf6 62.Qe8+ Kh6 63.Qd7 Ne2 64.Kd1 Nd4 65.a4 a5 66.Qe8 g3 67.Qg8 Qg7 68.Qd8
Kh5 69.Qg5+ Qxg5 70.hxg5 Nf3 71.Ke2 Kg6 72.Ng2 Nxg5 73.fxg5 Kxg5 74.Ke3 
Kg4 75.Nf4 Kh4 76.Ke2 Kg5 77.Ke3 Kg4 78.Ne2 g2 79.Kf2 f4 80.Nc3 Kh3 81.Kg1
e3 0-1

[Event "119th NZL-ch op"]
[Site "Queenstown NZL"]
[Date "2012.01.20"]
[Round "6"]
[White "Johnson, Quentin"]
[Black "Forster, William"]
[Result "1-0"]
[WhiteElo "2127"]
[BlackElo "1910"]
[EventDate "2012.01.15"]
[PlyCount "105"]

1.d4 f5 2.c4 Nf6 3.Nc3 e6 4.g3 Be7 5.Bg2 d6 6.Nf3 O-O 7.O-O Ne4 8.Qc2 Nxc3
9.Qxc3 a5 10.b3 Bf6 11.Bb2 Nc6 12.Rad1 Qe8 13.Qd2 e5 14.d5 Ne7 15.Ng5 e4 
16.Bxf6 Rxf6 17.f3 h6 18.Nh3 exf3 19.exf3 Ng6 20.Rfe1 Qf7 21.f4 Bd7 22.Ng5
hxg5 23.fxg5 f4 24.gxf6 Bg4 25.Rc1 f3 26.h3 fxg2 27.hxg4 Ne5 28.Kxg2 Qxf6 
29.Rf1 Qg6 30.Qf4 Nd3 31.Qf5 Qxf5 32.gxf5 Nxc1 33.Rxc1 Re8 34.Rf1 Kf7 35.
Kf3 Re5 36.g4 g6 37.fxg6+ Kxg6 38.Rf2 b6 39.Re2 Rxe2 40.Kxe2 Kf6 41.Ke3 b5
42.Kf4 a4 43.bxa4 bxa4 44.g5+ Kg6 45.a3 Kg7 46.Kf5 Kf7 47.g6+ Kg7 48.Kg5 
Kg8 49.Kf6 Kf8 50.g7+ Kg8 51.Kg6 c6 52.dxc6 d5 53.c7 1-0

[Event "119th NZL-ch op"]
[Site "Queenstown NZL"]
[Date "2012.01.20"]
[Round "6"]
[White "Jones, Brian"]
[Black "Louie, Ryan"]
[Result "1/2-1/2"]
[WhiteElo "2092"]
[BlackElo "1677"]
[EventDate "2012.01.15"]
[PlyCount "70"]

1.d4 Nf6 2.c4 c5 3.d5 e5 4.f4 exf4 5.Bxf4 Nh5 6.e3 Nxf4 7.exf4 d6 8.Bd3 g6
9.Nc3 Bg7 10.Qe2+ Qe7 11.Nb5 Qxe2+ 12.Nxe2 Kd7 13.O-O-O a6 14.Nbc3 f5 15.
h4 Kc7 16.h5 Rg8 17.hxg6 hxg6 18.Ng1 Nd7 19.Nf3 Nf6 20.Rde1 Nh5 21.g3 Bd7 
22.Ng5 Rae8 23.Ne6+ Bxe6 24.dxe6 Bxc3 25.bxc3 Re7 26.Re3 Rge8 27.Rxh5 gxh5
28.Bxf5 Rf8 29.Bg6 h4 30.f5 hxg3 31.Rxg3 b5 32.Kd2 bxc4 33.Ke3 d5 34.Rg2 
Rf6 35.Rg1 Kc6 1/2-1/2

[Event "119th NZL-ch op"]
[Site "Queenstown NZL"]
[Date "2012.01.20"]
[Round "6"]
[White "Kempen, Leon"]
[Black "Holt, Kenneth"]
[Result "1/2-1/2"]
[WhiteElo "1999"]
[BlackElo "1914"]
[EventDate "2012.01.15"]
[PlyCount "146"]

1.d4 d5 2.c4 c6 3.Nf3 Nf6 4.Nc3 e6 5.Bg5 Be7 6.e3 O-O 7.Bd3 dxc4 8.Bxc4 b5
9.Bd3 Nbd7 10.O-O h6 11.Bh4 Bb7 12.h3 a6 13.Rc1 Rc8 14.Bb1 c5 15.a3 cxd4 
16.Nxd4 Qb6 17.b4 Rfd8 18.Qe2 Ne5 19.Ba2 Ng6 20.Bg3 Ne4 21.Nxe4 Bxe4 22.
Rfd1 e5 23.Nf3 Bf6 24.Rxd8+ Qxd8 25.Rxc8 Qxc8 26.Qd2 Bxf3 27.gxf3 Nh4 28.
Qd5 Qe8 29.Qe4 Qd8 30.Bd5 Ng6 31.Kg2 Ne7 32.Bb3 Qd6 33.Qa8+ Kh7 34.Bxf7 
Qc6 35.Qxc6 Nxc6 36.Bd5 Nd8 37.Kf1 g5 38.Ke2 Kg6 39.Kd3 Kf5 40.Bh2 Bg7 41.
Kc2 Ne6 42.Be4+ Kf6 43.Kb3 Ke7 44.a4 Kd6 45.Bb7 Nc7 46.f4 gxf4 47.exf4 Bf6
48.Bg3 Bg7 49.Ka3 Bf6 50.f3 h5 51.f5 h4 52.Bf2 Bg5 53.Bc5+ Kd7 54.Bf8 Bf6 
55.Bh6 Kd6 56.f4 exf4 57.Bxf4+ Kd7 58.Kb3 Kd8 59.Bc6 Kc8 60.Bd6 Kd8 61.
axb5 Nxb5 62.Bxb5 axb5 63.Kc2 Kd7 64.Bc5 Kc6 65.Kd3 Kd5 66.Ke3 Ke5 67.Bd4+
Kxf5 68.Bxf6 Kxf6 69.Kf4 Ke6 70.Kg4 Kd5 71.Kxh4 Kc4 72.Kg3 Kxb4 73.h4 Ka3 
1/2-1/2

[Event "119th NZL-ch op"]
[Site "Queenstown NZL"]
[Date "2012.01.20"]
[Round "6"]
[White "Lauterbach, Ingrid"]
[Black "Illingworth, Max"]
[Result "0-1"]
[WhiteElo "2053"]
[BlackElo "2388"]
[EventDate "2012.01.15"]
[PlyCount "62"]

1.e4 c5 2.Nf3 Nc6 3.Bb5 Nf6 4.e5 Nd5 5.O-O Nc7 6.Be2 g6 7.c3 Bg7 8.d4 cxd4
9.cxd4 d6 10.exd6 Qxd6 11.Qa4 Bd7 12.Qb3 Ne6 13.Qxb7 Rb8 14.Qa6 Ncxd4 15.
Nxd4 Nxd4 16.Na3 Rb6 17.Qd3 Bf5 18.Nc4 Qe6 19.Qxd4 Bxd4 20.Nxb6 Qxe2 21.
Nd5 O-O 22.Bh6 Rd8 23.Ne3 Qxb2 24.Nxf5 gxf5 25.Rae1 Qxa2 26.Rxe7 Bxf2+ 27.
Rxf2 Rd1+ 28.Rf1 Rxf1+ 29.Kxf1 Qa6+ 30.Ke1 Qxh6 31.Rxa7 Qe3+ 0-1

[Event "119th NZL-ch op"]
[Site "Queenstown NZL"]
[Date "2012.01.20"]
[Round "6"]
[White "Li Chao"]
[Black "Zhao Xue"]
[Result "1-0"]
[WhiteElo "2693"]
[BlackElo "2551"]
[EventDate "2012.01.15"]
[PlyCount "89"]

1.Nf3 Nf6 2.g3 b5 3.Bg2 Bb7 4.Na3 a6 5.c4 c6 6.O-O e6 7.d4 d5 8.b3 Nbd7 9.
Nc2 Be7 10.a4 bxc4 11.bxc4 a5 12.Bf4 O-O 13.Ne5 Rc8 14.Nxd7 Nxd7 15.c5 Ba6
16.Re1 f5 17.Bd2 e5 18.Bc3 e4 19.Qd2 h5 20.Bxa5 Qe8 21.Nb4 Bc4 22.Rec1 h4 
23.e3 Nf6 24.Rxc4 dxc4 25.Bf1 Nh7 26.Nc2 Ng5 27.Ne1 Qh5 28.Bb6 c3 29.Qxc3 
Kh7 30.a5 Qg4 31.Qd2 Ne6 32.Qe2 Qg6 33.Ng2 Qh6 34.a6 h3 35.Nf4 Ng5 36.Qh5 
Nf3+ 37.Kh1 Qxh5 38.Nxh5 g5 39.a7 Ra8 40.Ba6 Kg6 41.g4 Rf7 42.Ng3 fxg4 43.
Bc4 Rg7 44.Be6 Bd8 45.Bf5+ 1-0

[Event "119th NZL-ch op"]
[Site "Queenstown NZL"]
[Date "2012.01.20"]
[Round "6"]
[White "Li Xiang Wei, William"]
[Black "Liu, Yi"]
[Result "0-1"]
[WhiteElo "1672"]
[BlackElo "2072"]
[EventDate "2012.01.15"]
[PlyCount "100"]

1.e4 e6 2.d4 d5 3.exd5 exd5 4.c4 Nf6 5.Nc3 Bb4 6.Bd3 O-O 7.Nf3 Re8+ 8.Be3 
dxc4 9.Bxc4 Nd5 10.Qd2 Be6 11.Bd3 c5 12.O-O Nc6 13.a3 cxd4 14.Bxd4 Nxd4 
15.Nxd4 Bxc3 16.bxc3 Qa5 17.Nxe6 Rxe6 18.Qg5 Qd8 19.Qxd8+ Rxd8 20.Bc4 Rc6 
21.Bxd5 Rxd5 22.Rfe1 Kf8 23.Rab1 b6 24.Re3 Rd2 25.Kf1 Ra2 26.Rb3 Rd6 27.g3
f6 28.c4 Rd1+ 29.Kg2 Rdd2 30.Rf3 Rac2 31.Rb4 Rd4 32.Ra4 a5 33.Rb3 Rdd2 34.
Rf3 Ke7 35.h4 Kd6 36.h5 h6 37.Rf4 Kc5 38.Rf5+ Kc6 39.Rf4 Rc3 40.Rg4 Rd7 
41.Kh3 Rf3 42.Kg2 Rfd3 43.Rf4 R7d4 44.Rf5 Rc3 45.f4 Rcxc4 46.Rxc4+ Rxc4 
47.g4 Rc5 48.Rxc5+ Kxc5 49.g5 f5 50.Kf3 b5 0-1

[Event "119th NZL-ch op"]
[Site "Queenstown NZL"]
[Date "2012.01.20"]
[Round "6"]
[White "Lukey, Stephen"]
[Black "Pinic, Noel"]
[Result "0-1"]
[WhiteElo "2261"]
[BlackElo "2066"]
[EventDate "2012.01.15"]
[PlyCount "66"]

1.d4 Nf6 2.Nf3 e6 3.c4 d5 4.Nc3 Be7 5.Bg5 Nbd7 6.e3 a6 7.Rc1 dxc4 8.Bxc4 
b5 9.Bb3 Bb7 10.O-O c5 11.d5 exd5 12.Nxd5 c4 13.Nxe7 Qxe7 14.Bc2 O-O 15.
Nd4 Qc5 16.Nf5 Rad8 17.f4 g6 18.Nh6+ Kg7 19.Qe1 Rde8 20.f5 b4 21.Rd1 Bc6 
22.Qh4 Rxe3 23.Bxe3 Qxe3+ 24.Rf2 Qxh6 25.Qxc4 Ne5 26.Qf4 Qxf4 27.Rxf4 a5 
28.Rd6 g5 29.Rfd4 Rc8 30.Rd8 Rc7 31.Bb3 Be4 32.h3 Rc5 33.Kf2 Bxf5 0-1

[Event "119th NZL-ch op"]
[Site "Queenstown NZL"]
[Date "2012.01.20"]
[Round "6"]
[White "Ly, Moulthun"]
[Black "Stojic, Dusan"]
[Result "1-0"]
[WhiteElo "2376"]
[BlackElo "2294"]
[EventDate "2012.01.15"]
[PlyCount "97"]

1.e4 c5 2.Nf3 d6 3.d4 Nf6 4.Nc3 cxd4 5.Nxd4 a6 6.Be3 e5 7.Nf3 Qc7 8.Bg5 
Nbd7 9.a4 b6 10.Nd2 Bb7 11.Bc4 h6 12.Bxf6 Nxf6 13.Qe2 Be7 14.O-O O-O 15.
Rfd1 Rfd8 16.Nf1 b5 17.Bd5 Rab8 18.axb5 axb5 19.Bxb7 Qxb7 20.Ra5 Qc7 21.
Rxb5 Rxb5 22.Nxb5 Qb7 23.Nd2 d5 24.exd5 Nxd5 25.g3 Nb4 26.c4 f6 27.Nc3 Qc6
28.b3 f5 29.Nf1 Rxd1 30.Qxd1 Bc5 31.Ne3 e4 32.Qd8+ Kh7 33.Nxf5 Nd3 34.Qd5 
Qxd5 35.Nxd5 Bxf2+ 36.Kf1 Kg6 37.Nd6 e3 38.Nf4+ Nxf4 39.gxf4 Kh5 40.Ne4 
Bh4 41.Ke2 Kg4 42.Kxe3 Kh3 43.Kf3 h5 44.Ng5+ Kxh2 45.c5 Be1 46.c6 Ba5 47.
b4 Bb6 48.Ne6 h4 49.Kg4 1-0

[Event "119th NZL-ch op"]
[Site "Queenstown NZL"]
[Date "2012.01.20"]
[Round "6"]
[White "Maroroa, Sue"]
[Black "Lim Kian Hwa"]
[Result "1-0"]
[WhiteElo "2020"]
[BlackElo "1922"]
[EventDate "2012.01.15"]
[PlyCount "93"]

1.e4 e5 2.Nf3 Nc6 3.Bb5 a6 4.Ba4 Nf6 5.O-O b5 6.Bb3 Be7 7.Re1 d6 8.c3 O-O 
9.h3 Na5 10.Bc2 c5 11.d3 Nc6 12.Nbd2 Re8 13.Nf1 Bf8 14.Ng3 g6 15.Be3 Bg7 
16.Qd2 Kh8 17.Ng5 Rf8 18.b4 cxb4 19.Bb3 Qe7 20.cxb4 Nd8 21.d4 exd4 22.Bxd4
Nc6 23.Be3 Be6 24.Nxe6 fxe6 25.f4 Rfd8 26.Rac1 Rac8 27.f5 exf5 28.exf5 Ne5
29.fxg6 hxg6 30.Rxc8 Rxc8 31.Bg5 Re8 32.Kh1 Qd7 33.Rd1 Rd8 34.Qf4 Qe7 35.
Ne4 Rf8 36.Qh4+ Nh5 37.Bxe7 Rf4 38.Qe1 Rxe4 39.Qd2 Re2 40.Qxd6 Ng3+ 41.Kg1
Nf5 42.Qd8+ Kh7 43.Bf6 Nc6 44.Qg8+ Kh6 45.Bxg7+ Nxg7 46.Qh8+ Kg5 47.Qxg7 
1-0

[Event "119th NZL-ch op"]
[Site "Queenstown NZL"]
[Date "2012.01.20"]
[Round "6"]
[White "Matheson, Laurence"]
[Black "King, Mathew"]
[Result "1/2-1/2"]
[WhiteElo "2167"]
[BlackElo "1961"]
[EventDate "2012.01.15"]
[PlyCount "53"]

1.d4 Nf6 2.c4 g6 3.f3 Bg7 4.e4 d6 5.Ne2 O-O 6.Be3 Nc6 7.Qd2 a6 8.Na3 e5 9.
d5 Nb8 10.c5 Nh5 11.cxd6 Qxd6 12.Rc1 f5 13.Bc5 Qd8 14.Bxf8 Bxf8 15.Nc4 
fxe4 16.d6 Nc6 17.Qd5+ Kh8 18.Nxe5 Nxe5 19.Qxe5+ Bg7 20.Qe7 Qxd6 21.Rxc7 
Qxe7 22.Rxe7 Bxb2 23.fxe4 Ba3 24.Rc7 Bd6 25.Rc2 Bd7 26.Nd4 Re8 27.Nb3 
1/2-1/2

[Event "119th NZL-ch op"]
[Site "Queenstown NZL"]
[Date "2012.01.20"]
[Round "6"]
[White "McDonald, John"]
[Black "Millikan, Erlend"]
[Result "1-0"]
[WhiteElo "2068"]
[BlackElo "1760"]
[EventDate "2012.01.15"]
[PlyCount "55"]

1.e4 e5 2.Nc3 Bc5 3.Nf3 Nc6 4.Nxe5 Bxf2+ 5.Kxf2 Nxe5 6.d4 Qf6+ 7.Ke1 Nc6 
8.Be3 Nh6 9.Be2 Ne7 10.Qd3 c6 11.Kd2 d5 12.Raf1 dxe4 13.Nxe4 Qg6 14.g4 f5 
15.Ng3 fxg4 16.Qb3 Qe6 17.Bc4 Nd5 18.Re1 O-O 19.Bf4 Qd7 20.Bxh6 gxh6 21.
Rhf1 Rxf1 22.Rxf1 Qd6 23.Ne4 Qe7 24.Nf6+ Kg7 25.Bxd5 cxd5 26.Qxd5 Be6 27.
Qe5 Rd8 28.Nd5+ 1-0